000 00836nam a2200217Ii 4500
003 JO-AjNU
008 230605s9999||||xx |||||||||||||| ||und||
017 _a2008/1/47
040 _aJO-AjNU
_bara
_erda
_cJO-AjNU
041 _aara
050 1 4 _aHG 3368 .A6. A44 2010
100 3 _aالعجلوني، محمد محمود,
_eauthor
_927381
245 0 0 _aالبنوك الاسلامية: احكامها- مبادئها - تطبيقاتها المصرفية
250 _aط2
264 3 1 _aعمان: دار المسيرة للنشر والتوزيع، 2010
300 _a490ص
_bيحتوي على ببلوغرافية من 475-490ص
336 _atext
_btxt
_2rdacontent
337 _aunmediated
_bn
_2rdamedia
338 _avolume
_bnc
_2rdacarrier
650 4 _aالبنوك الإسلامية - جوانب اقتصادية 
_927382
999 _aA10494
_c14062
_d14062